'Roots gaan waar je vandaan komt' : een onderzoek naar betrokkenheden en identificaties met diaspora in levensverhalen van drie generaties Afro-Surinaamse remigrantenvrouwen in Paramaribo (1973-2003) /

Saved in:
Bibliographic Details
Main Author: Zuurbier, Patrick Henry, 1960-
Format: Book
Language:Dutch
Published: [Amsterdam] : Vossiuspers UvA ; Amsterdam University Press, c2009.
Subjects:
Tags: Add Tag
No Tags, Be the first to tag this record!
LEADER 01161nam a22002894a 4500
001 012644975-9
005 20110211150233.0
008 091105s2009 ne bm 000 0 dut d
020 |a 905629606X 
020 |a 9789056296063 
035 0 |a ocn702936629 
041 0 |a dut  |b eng 
043 |a s-sr--- 
100 1 |a Zuurbier, Patrick Henry,  |d 1960- 
245 1 1 |a 'Roots gaan waar je vandaan komt' :  |b een onderzoek naar betrokkenheden en identificaties met diaspora in levensverhalen van drie generaties Afro-Surinaamse remigrantenvrouwen in Paramaribo (1973-2003) /  |c Patrick Henry Zuurbier. 
260 |a [Amsterdam] :  |b Vossiuspers UvA ;  |b Amsterdam University Press,  |c c2009. 
300 |a xiii, 395 p. ;  |c 24 cm. 
546 |a English summary. 
502 |a Thesis (doctoral)--Amsterdam University. 
504 |a Includes bibliographical references (p. 337-386) and index. 
530 |a Also available on the Worldwide Web. 
651 0 |a Paramaribo (Suriname)  |x Emigration and immigration. 
650 0 |a Return migration  |z Suriname  |z Paramaribo. 
650 0 |a Women  |z Suriname  |z Paramaribo  |x Social conditions. 
899 |a 415_565122 
988 |a 20101221 
906 |0 MH